00318nam a22001217a 4500003000400000005001700004008004100021040002200062082001500084100005400099245002500153300001800178OSt20221007205701.0221007b |||||||| |||| 00| 0 eng d cBiblioteca Lado V a708bL789l aLizarazo, Luz AngelabLuz Angela Lizarazoeautora aLuz Angela Lizarazo/ a48p.c17x18cm